Celebridades da Internet #02 - Statistics

Estatísticas Gerais
  • Esse quiz foi jogado 205 vezes
  • A pontuação média é 11 de 20
Estatísticas das Respostas
Imagem Resposta % Correto
Felipe Neto
98%
Júlio Cocielo
94%
Whindersson Nunes
94%
Everson Zoio
87%
Alanzoka
83%
Craque Neto
82%
Nobru
82%
Igor3k
74%
Ednaldo Pereira
53%
Games Eduuu
46%
FalleN
43%
Gabi Cattuzzo
41%
Paulinho Loko
40%
Mount
39%
LF Freitas
38%
Guaxinim
36%
Magalzão
34%
Moreno
31%
brTT
30%
MeiaUm
18%
Nenhum quiz correspondente encontrado
Distribuição das Pontuações
Porcentagem de Pessoas com Cada Pontuação
Percentil de Números Respondidos
Sua Pontuação Histórica
Você não jogou esse quiz